Stemmi delle regioni italiane - Statistics

Statistiche generali
  • Questo quiz è stato fatto 154 volte
  • Il punteggio medio è 13 su 20
Statistiche sulle risposte
con Immagini Risposta % Corretto
Sardegna
96%
Sicilia
93%
Lombardia
92%
Veneto
86%
Marche
71%
Piemonte
70%
Emilia Romagna
68%
Lazio
64%
Puglia
64%
Toscana
64%
Campania
62%
Trentino-Alto Adige
62%
Calabria
61%
Liguria
60%
Basilicata
59%
Umbria
56%
Molise
54%
Friuli Venezia Giulia
53%
Valle d'Aosta
50%
Abruzzo
48%
Nessun quiz corrispondente trovato
Distribuzione punteggi
Percentuale di utenti per punteggio
Percentile per numero di risposta
I tuoi punteggi nel tempo
Non hai fatto questo quiz